Higher value addition through hides and skins / (Record no. 11374)

000 -LEADER
fixed length control field 00550cam a2200193Ia 4500
020 ## - INTERNATIONAL STANDARD BOOK NUMBER
ISBN 9789251061367
020 ## - INTERNATIONAL STANDARD BOOK NUMBER
ISBN 925106136X
040 ## - CATALOGING SOURCE
Transcribing agency BTCTA
082 ## - DEWEY DECIMAL CLASSIFICATION NUMBER
Classification number 338 FOO 2009 A015 Or.
100 1# - MAIN ENTRY--AUTHOR NAME
Personal name Leach, Ian
245 10 - TITLE STATEMENT
Title Higher value addition through hides and skins /
260 ## - PUBLICATION, DISTRIBUTION, ETC. (IMPRINT)
Place of publication Rome :
Name of publisher Food and Agriculture Organization of the United Nations,
Year of publication 2009
300 ## - PHYSICAL DESCRIPTION
Number of Pages vii, 36 p. :
Other physical details ill. ;
Dimensions 21 cm
650 #0 - SUBJECT ADDED ENTRY--TOPICAL TERM
Topical Term Hides and skins industry
650 #0 - SUBJECT ADDED ENTRY--TOPICAL TERM
Topical Term Leather industry and trade
650 #0 - SUBJECT ADDED ENTRY--TOPICAL TERM
Topical Term Tanning
700 1# - ADDED ENTRY--PERSONAL NAME
Personal name Wilson, R. T
942 ## - ADDED ENTRY ELEMENTS (KOHA)
Koha item type សៀវភៅភាសាអង់គ្លេស
952 ## - LOCATION AND ITEM INFORMATION (KOHA)
Withdrawn status [LOCAL, KOHA] 0
952 ## - LOCATION AND ITEM INFORMATION (KOHA)
Withdrawn status [LOCAL, KOHA] 0
952 ## - LOCATION AND ITEM INFORMATION (KOHA)
Withdrawn status [LOCAL, KOHA] 0
952 ## - LOCATION AND ITEM INFORMATION (KOHA)
Withdrawn status [LOCAL, KOHA] 0
952 ## - LOCATION AND ITEM INFORMATION (KOHA)
Withdrawn status [LOCAL, KOHA] 0
Holdings
Permanent Location Date acquired Koha item type Lost status Shelving location Barcode Current Location Full call number
Library Block A2017-08-01សៀវភៅភាសាអង់គ្លេស A015RUA060390Library Block A338 FOO 2009 A015 Or.
Library Block A2017-08-01សៀវភៅភាសាអង់គ្លេស A015RUA060105Library Block A338 FOO 2009 A015 Or.
Library Block A2017-08-01សៀវភៅភាសាអង់គ្លេស A015RUA060450Library Block A338 FOO 2009 A015 Or.
Library Block A2017-08-01សៀវភៅភាសាអង់គ្លេស A015RUA059928Library Block A338 FOO 2009 A015 Or.
Library Block A2017-08-01សៀវភៅភាសាអង់គ្លេស A015RUA060370Library Block A338 FOO 2009 A015 Or.
មជ្ឈមណ្ឌលឯការនៃសាកលវិទ្យាល័យភូមិន្ទកសិកម្មចំការដូង

Powered by Koha